000 00722nam a2200229 a 4500
001 ASIN0199560811
003 OSt
005 20180116192419.0
008 131230s2009 xxu eng d
020 _a0199560811 (hardcover)
020 _a9780199560813 (hardcover)
040 _c0
050 0 4 _aPE1591
082 0 4 _a423.12
100 1 _aDictionaries., Oxford.
_97163
245 1 4 _aThe oxford thesaurus of english /
_cOxford Dictionaries.
260 _a[S.l.] :
_bOxford University Press,
_c2009.
300 _a1 v. (unpaged) ;
_c28 cm.
650 0 _aEnglish language--Synonyms and antonyms
_97164
856 4 0 _3Amazon.com
_uhttp://www.amazon.com/exec/obidos/ASIN/0199560811/chopaconline-20
942 _2ddc
_cREF
999 _c353852
_d353852